<?xml version="1.0" encoding="UTF-8"?><?xml-stylesheet type="text/xsl" href="static/style.xsl"?><OAI-PMH xmlns="http://www.openarchives.org/OAI/2.0/" xmlns:xsi="http://www.w3.org/2001/XMLSchema-instance" xsi:schemaLocation="http://www.openarchives.org/OAI/2.0/ http://www.openarchives.org/OAI/2.0/OAI-PMH.xsd"><responseDate>2026-04-17T03:00:01Z</responseDate><request verb="GetRecord" identifier="oai:www.recercat.cat:10459.1/83917" metadataPrefix="marc">https://recercat.cat/oai/request</request><GetRecord><record><header><identifier>oai:recercat.cat:10459.1/83917</identifier><datestamp>2024-12-04T15:28:36Z</datestamp><setSpec>com_2072_3622</setSpec><setSpec>col_2072_478537</setSpec></header><metadata><record xmlns="http://www.loc.gov/MARC21/slim" xmlns:dcterms="http://purl.org/dc/terms/" xmlns:xsi="http://www.w3.org/2001/XMLSchema-instance" xmlns:doc="http://www.lyncode.com/xoai" xsi:schemaLocation="http://www.loc.gov/MARC21/slim http://www.loc.gov/standards/marcxml/schema/MARC21slim.xsd">
   <leader>00925njm 22002777a 4500</leader>
   <datafield ind2=" " ind1=" " tag="042">
      <subfield code="a">dc</subfield>
   </datafield>
   <datafield ind2=" " ind1=" " tag="720">
      <subfield code="a">Monzón Casado, Pablo</subfield>
      <subfield code="e">author</subfield>
   </datafield>
   <datafield ind2=" " ind1=" " tag="260">
      <subfield code="c">2022-10-10T07:14:58Z</subfield>
   </datafield>
   <datafield ind2=" " ind1=" " tag="260">
      <subfield code="c">2022-10-10T07:14:58Z</subfield>
   </datafield>
   <datafield ind2=" " ind1=" " tag="260">
      <subfield code="c">2022-09</subfield>
   </datafield>
   <datafield ind2=" " ind1=" " tag="520">
      <subfield code="a">La franquicia Total War es una de las más importantes del&#xd;
género de videojuegos de la estrategia en tiempo real, su&#xd;
historia se remonta al año 2000 con su primer juego,&#xd;
Shogun Total War, hasta su entrega más reciente en 2022,&#xd;
Total War Warhammer 3. A lo largo de los años la&#xd;
ambientación y la jugabilidad ha cambiado, simplificando&#xd;
mecánicas y sistemas que o bien se han recortado o han&#xd;
desaparecido completamente de los juegos. Esto a su vez es&#xd;
una prueba del distanciamiento del diseño centrado en el&#xd;
jugador de la desarrolladora Creative Assembly,&#xd;
resultando en la pérdida de calidad de muchos elementos de&#xd;
los juegos más recientes y una substitución de los jugadores&#xd;
más veteranos por una nueva base de jugadores que no&#xd;
tiene en cuenta los elementos de las primeras entregas que&#xd;
catapultaron a la saga a lo que es hoy en día.</subfield>
   </datafield>
   <datafield ind1="8" ind2=" " tag="024">
      <subfield code="a">http://hdl.handle.net/10459.1/83917</subfield>
   </datafield>
   <datafield tag="653" ind2=" " ind1=" ">
      <subfield code="a">Total war</subfield>
   </datafield>
   <datafield tag="653" ind2=" " ind1=" ">
      <subfield code="a">Videojuegos</subfield>
   </datafield>
   <datafield tag="653" ind2=" " ind1=" ">
      <subfield code="a">Estrategia</subfield>
   </datafield>
   <datafield tag="653" ind2=" " ind1=" ">
      <subfield code="a">Videojocs</subfield>
   </datafield>
   <datafield ind2="0" ind1="0" tag="245">
      <subfield code="a">Declive Total: Historia y Evolución de la saga Total War</subfield>
   </datafield>
</record></metadata></record></GetRecord></OAI-PMH>